01544nab a2200433 a 450000100060000000300080000600500170001400600190003100700150005000800410006502200140010602200380012003500210015804000260017905000210020508000080022608200120023422200210024624501720026726000590043930000150049836200380051353301640055154600540071565000180076965000240078765000180081165000200082965000200084965000160086965000320088565300150091765300150093265500320094770000280097971000190100774000220102685600620104842184FlNmELB20241216222026.0m o d | cr cn|||||||||201105r2002 sp |||||s|||||||||||spa d a0213-9111 z1413-538517 ( Ed. electrónica ) a(OCoLC)955351466 aFlNmELBbspacFlNmELB 4aHT609bD569 2002 a31604a614222 0aGaceta Sanitaria00aDiferencias sociodemográficas en la adhesión al patrón de dieta mediterránea en poblaciones de Españah[recurso electronico] /cC. A., González ...[et-al]. aBarcelona :bGaceta Sanitaria, Ediciones Doyma,c2002. a214-221 p.0 aVol. 16, num. 3 (mayo-jun. 2002)- aRecurso electrónico. Santa Fe, Arg.: e-libro, 2015. Disponible vía World Wide Web. El acceso puede estar limitado para las bibliotecas afiliadas a e-libro. aArtículos en castellano; resumenes en inglés. 0aSociología. 0aDesigualdad social. 0aDemografía. 0aSocial classes. 0aDiscrimination. 0aDemography. 0aDietzMediterranean Region. aSociologia aDemografia 4aArtículos electrónicos.1 aGonzález, C. A,eaut.2 ae-libro, Corp.02aGaceta Sanitaria.40uhttps://elibro.net/ereader/politecnicointernacional/31849